000 00665nam a2200241Ia 4500
003 OSt
005 20221007110644.0
006 a|||||r|||| 00| 0
007 ta
008 221006b |||||||| |||| 00| 0 eng d
024 _a21,566
037 _cTextual
040 _aLCO
_cLCO
_beng
041 _2eng
_aeng
082 _aX8(A):979C, M4
100 _aZechariah John
_9127976
245 0 _aAdministration of Indisutrial Labour Disputes
260 _aNew
_bDelhi Ashish Publishing House India
_c1984
300 _a224
650 _aLABOUR DISPUTES
_932900
942 _hX8(A):979C, M4
_cTEXL
999 _c1191129
_d1191129